000 01047 a2200241 4500
005 20260224150038.0
008 251222b |||||||| |||| 00| 0 eng d
020 _a9788193826355 (hbk)
037 _cTB
040 _aCRL
_cCRL
041 _2hin
_ahin
_hsan
084 _aO15,1NPR,BH R5
_qCRL
100 _aनारायणन्, ई. आर.
_9821276
245 _aभृगुवंशमहाकाव्यम्
260 _bआई बी आर जे पब्लिकेशन
_c2025
300 _a160पृ.
365 _b695.00
_cINR
650 _aसंस्कृत कविता
_9858758
650 _aसंस्कृत साहित्य
_9858759
650 _aभृगुवंशमहाकाव्यम्
_9858760
942 _cTB
_2CC
_n0
_hO15,1NPR,BH R5
999 _c1435387
_d1435387